LEADER 02430nam 2200541 450 001 9910154890703321 005 20210311111955.0 010 $a1-350-22169-4 010 $a1-78360-510-3 010 $a1-78360-511-1 010 $a1-78360-507-3 024 7 $a10.5040/9781350221697 035 $a(CKB)3710000000966396 035 $a(MiAaPQ)EBC4748963 035 $a(OCoLC)1241539535 035 $a(CaBNVSL)9781350221697 035 $a(EXLCZ)993710000000966396 100 $a20210311h20212016 uy 0 101 0 $aeng 135 $aurcnu|||||||| 181 $2rdacontent 182 $2rdamedia 183 $2rdacarrier 200 10$aPathways that changed Myanmar /$fMatthew Mullen 210 1$aLondon, England :$cZed Books,$d2016. 210 2$a[London, England] :$cBloomsbury Publishing,$d2021 215 $a1 online resource (272 pages) 311 $a1-78360-508-1 311 $a1-78360-509-X 320 $aIncludes bibliographical references (pages 238-251) and index. 327 $gOne.$tIntroduction --$gTwo.$tThe clash that galvanized a global movement --$gThree.$tThe third force --$gFour.$tEveryday resistance --$gFive.$tFrom bullets to bribery --$gSix.$tSanctions : a cure and a disease --$gSeven.$tNay Win Maung's funeral --$gEight.$tFrom human rights rhetoric to 969 --$gNine.$tTransitioning to an NDL-led Myanmar. 330 $a"In the midst of the political upheavals that engulfed Myanmar from 2010 to 2011, international attention was fixed upon the military regime and its dissident opponents. But away from the cameras, a different set of struggles was unfolding across the country. These struggles were manifested not as violent clashes, but as everyday interactions involving taxi drivers, community organizers, farmers, heads of domestic NGOs, and many more."--$cProvided by publisher. 606 $aCivil rights$zBurma 606 $aSocial & cultural anthropology, ethnography$2bicssc 607 $aBurma$xPolitics and government$y21st century 607 $aBurma$xSocial conditions$y21st century 608 $aElectronic books. 615 0$aCivil rights 615 7$aSocial & cultural anthropology, ethnography 676 $a320.9591 700 $aMullen$b Matthew$01221754 801 0$bYDXCP 801 1$bCaBNVSL 801 2$bCaBNVSL 906 $aBOOK 912 $a9910154890703321 996 $aPathways that changed Myanmar$92833021 997 $aUNINA LEADER 00886nam a2200241 i 4500 001 991004312918707536 005 20240418110510.0 008 240403s1976 it ||| | ita d 040 $aBibl. Dip.le Aggr. Scienze Giuridiche - Sez. Centro Studi sul Rischio$bita 082 0 $a305.5 100 1 $aParkin, Frank$0119970 245 10$aDisuguaglianza di classe e ordinamento politico :$bla stratificazione sociale nelle società capitalistiche e comuniste /$cFrank Parkin 250 $a2. ed. 260 $aTorino :$bEinaudi,$c1976 300 $a218 p. ;$c18 cm 490 0 $aPiccola biblioteca Einaudi ;$v268 500 $aTit. orig.: Class inequality and political order 500 $aTrad. A. Guaraldo 650 4$aClassi sociali 700 1 $aGuaraldo, Alberto 912 $a991004312918707536 996 $aDisuguaglianza di classe e ordinamento politico$9647918 997 $aUNISALENTO